000 00229nam a2200097Ia 4500
008 170619s9999 xx 000 0 und d
100 _aCunnigham- W P ed.
245 0 _aEnvironmental Encyclopedia
260 _bJaico Pub.
260 _c2004
546 _aENGLISH
999 _c17176
_d17176